00373pab a2200145 454500008004000000100001900040245006200059260000900121300001700130362000800147650001500155700001700170700002200187773001800209180718b2010 xxu||||| |||| 00| 0 eng d aTillema, Taede aRoad pricing and relocation decisions of Dutch households c2010 ap.3013-3033. aDec aHouseholds aEttema, Dick aWee, Bert van wee aUrban Studies